[Event "OLNW 2122 SK Union Oldenburg - HSK List"]
[Site "?"]
[Date "2022.05.15"]
[Round "5.8"]
[White "Heinemann, Ernst"]
[Black "Sreyas Payyappat"]
[Result "1/2-1/2"]
[WhiteElo "2123"]
[BlackElo "2169"]
[PlyCount "107"]
[EventDate "2022.??.??"]

1. e4 c6 2. d4 d5 3. exd5 cxd5 4. Bd3 Nc6 5. c3 Qc7 6. Na3 a6 7. Nc2 e5 8. dxe5
Nxe5 9. h3 Bd6 10. Nf3 Nxd3+ 11. Qxd3 Nf6 12. O-O Be6 13. a4 O-O 14. Ncd4 Rfe8
15. Bg5 Ne4 16. Be3 Qd7 17. Nxe6 fxe6 18. c4 Nc5 19. Qd1 Qf7 20. cxd5 exd5 21.
Rc1 Ne4 22. Qd4 Rac8 23. b4 Qf5 24. b5 axb5 25. axb5 Re6 26. Rfd1 b6 27. Qxb6
Bh2+ 28. Kxh2 Rxb6 29. Bxb6 Rb8 30. Bc7 Rb7 31. Bg3 h6 32. Nd4 Qd7 33. Rc2 h5
34. Rdc1 h4 35. Bxh4 Nd6 36. Bg3 Nxb5 37. Nxb5 Qxb5 38. Be5 Re7 39. f4 Rd7 40.
Rc5 Qa4 41. Rc8+ Kh7 42. R8c7 Kg6 43. Rxd7 Qxd7 44. Rc7 Qd8 45. g4 d4 46. Rc6+
Kh7 47. Rd6 Qa8 48. Rxd4 Qf3 49. Rd2 Qe3 50. Rb2 g5 51. Rb7+ Kg8 52. Rg7+ Kf8
53. Rxg5 Qf2+ 54. Kh1 1/2-1/2

[Event "OLNW 2122 SVG Salzgitter - Hamelner SV"]
[Site "?"]
[Date "2022.04.24"]
[Round "5.5"]
[White "Koch, Yannick"]
[Black "Lau, Siegfried"]
[Result "1/2-1/2"]
[WhiteElo "2087"]
[BlackElo "1986"]
[PlyCount "118"]
[EventDate "2022.??.??"]

1. d4 d5 2. c4 Nf6 3. cxd5 Nxd5 4. e4 Nb6 5. Nc3 c6 6. Be3 N8d7 7. Nf3 Nf6 8.
h3 h6 9. Bd3 Be6 10. Qe2 g5 11. h4 g4 12. Ne5 h5 13. d5 cxd5 14. Bb5+ Bd7 15.
Nxd7 Nfxd7 16. exd5 a6 17. Bd4 Rh6 18. Bd3 Qc7 19. O-O Qd6 20. Be3 Rh8 21. Ne4
Qe5 22. f4 gxf3 23. Rxf3 O-O-O 24. Rf5 Qxf5 25. Nd6+ exd6 26. Bxf5 Re8 27. Qc2+
Kb8 28. Bd4 Rg8 29. Qb3 Re2 30. Bh3 Bg7 31. Bxg7 Rxg7 32. Rc1 f5 33. a4 Re5 34.
Qc3 Nxd5 35. Qc8+ Ka7 36. Qh8 Rge7 37. Rc8 N7b6 38. Rc2 Nxa4 39. Qxh5 Nab6 40.
Qf3 f4 41. Qf2 Re1+ 42. Kh2 R7e4 43. h5 Ra1 44. Re2 Ne3 45. h6 Nbd5 46. h7 Re8
47. Be6 Rh8 48. Bg8 Rf1 49. Qh4 Nf5 50. Qg5 Ng3 51. Kh3 Nxe2 52. Qxd5 f3 53.
Qg5 Rh1+ 54. Kg4 fxg2 55. Qe3+ Kb8 56. Qe8+ Kc7 57. Qe7+ Kc6 58. Qe4+ Kb6 59.
Qe3+ Kc7 1/2-1/2

[Event "OLNW 2122 SVG Salzgitter - Hamelner SV"]
[Site "?"]
[Date "2022.04.24"]
[Round "5.7"]
[White "Reichelt, Ole"]
[Black "Hesse, Juergen"]
[Result "1/2-1/2"]
[WhiteElo "1922"]
[BlackElo "1864"]
[PlyCount "105"]
[EventDate "2022.??.??"]

1. d4 Nf6 2. c4 g6 3. Nc3 Bg7 4. e4 d6 5. Nf3 O-O 6. Be2 c6 7. O-O e5 8. h3
Nbd7 9. Be3 Qe7 10. d5 c5 11. Qd2 Ne8 12. Bg5 f6 13. Bh6 g5 14. Bxg7 Qxg7 15.
Nh2 Qg6 16. Qd1 Ng7 17. Nb5 f5 18. exf5 Nxf5 19. Nc7 Rb8 20. Ne6 Nd4 21. Bd3
Qf6 22. Qh5 Qe7 23. Nxf8 Nxf8 24. Nf3 Nxf3+ 25. Qxf3 Bd7 26. a3 Qg7 27. Rfe1
Ng6 28. Bxg6 Qxg6 29. b4 Rf8 30. Qe3 b6 31. b5 Rf4 32. Rec1 h5 33. Ra2 h4 34.
f3 e4 35. Kh2 exf3 36. gxf3 Qf5 37. Rg2 Qxh3+ 38. Kg1 Qf5 39. Qe7 g4 40. fxg4
Rxg4 41. Qxh4 Qe4 42. Qd8+ Be8 43. Qxe8+ Qxe8 44. Rxg4+ Kh7 45. Kf2 Qh5 46.
Rcg1 Qf5+ 47. Kg3 Qe5+ 48. Kh3 Qf5 49. Kg3 Qe5+ 50. Kg2 Qe2+ 51. Kh1 Qf3+ 52.
R4g2 Kh6 53. Kh2 {(=)} 1/2-1/2

[Event "OLNW 2122 Delmenhorster SK - SV Hellern"]
[Site "?"]
[Date "2022.05.15"]
[Round "5.1"]
[White "Boettcher, Christian"]
[Black "Hoeffer, David"]
[Result "0-1"]
[WhiteElo "2213"]
[BlackElo "2313"]
[PlyCount "116"]
[EventDate "2022.??.??"]

1. e4 c5 2. Nf3 d6 3. c3 Nf6 4. Be2 Nbd7 5. d3 b6 6. O-O Bb7 7. Re1 e6 8. Bf4
e5 9. Bg3 Be7 10. Nbd2 Nh5 11. d4 Nxg3 12. hxg3 O-O 13. Bc4 Rc8 14. dxe5 Nxe5
15. Nxe5 dxe5 16. Nf3 Qc7 17. Bd5 Rcd8 18. c4 Bc8 19. Qb3 Qd6 20. Qc3 Bf6 21.
Red1 Qe7 22. Rd3 g5 23. Nh2 g4 24. Qe1 h5 25. a3 Kg7 26. b4 Bg5 27. Rad1 f5 28.
exf5 Bxf5 29. Be4 Bxe4 30. Qxe4 Rd4 31. Qe2 Rfd8 32. f3 e4 33. Rxd4 cxd4 34.
fxe4 Be3+ 35. Kh1 Qxe4 36. Nf1 Re8 37. c5 bxc5 38. bxc5 Bg5 39. Qc4 Bf6 40. Nd2
Qe3 41. Nb3 Qxg3 42. Nd2 Qf4 43. Qd5 Re5 44. Qd7+ Kg6 45. c6 Re7 46. Qd5 Be5
47. Nf1 Rf7 48. Qc4 Kg7 49. Kg1 h4 50. Qe2 Bc7 51. Rd3 Kh6 52. g3 hxg3 53. Nxg3
Qc1+ 54. Kh2 Qxc6 55. Rxd4 Qf3 56. Qe6+ Rf6 57. Qxg4 Qf2+ 58. Kh3 Bxg3 0-1

[Event "OLNW 2122 Delmenhorster SK - SV Hellern"]
[Site "?"]
[Date "2022.05.15"]
[Round "5.2"]
[White "Pahl, Theis"]
[Black "Lehmann, Holger"]
[Result "1/2-1/2"]
[WhiteElo "2219"]
[BlackElo "2141"]
[PlyCount "77"]
[EventDate "2022.??.??"]

1. e4 c5 2. Nc3 a6 3. g4 b5 4. Bg2 Bb7 5. d3 e6 6. Nh3 b4 7. Ne2 d5 8. O-O dxe4
9. dxe4 Qxd1 10. Rxd1 Nf6 11. f3 h6 12. Nf2 Nc6 13. h4 Nd7 14. g5 Be7 15. g6
fxg6 16. Nf4 Nf8 17. Be3 Ne5 18. N2d3 Nxd3 19. Nxd3 Rc8 20. Ne5 c4 21. Bf1 c3
22. bxc3 Rxc3 23. Bd4 Rc8 24. Rab1 g5 25. h5 g6 26. hxg6 Rg8 27. Bc4 g4 28.
fxg4 Rxc4 29. Nxc4 Nxg6 30. Ne3 Bxe4 31. a3 a5 32. axb4 axb4 33. Kf2 Nf4 34.
Ke1 Nd5 35. Kd2 Bg5 36. Ra1 Bxe3+ 37. Bxe3 Rxg4 38. Rg1 h5 39. Rxg4 1/2-1/2

[Event "OLNW 2122 Delmenhorster SK - SV Hellern"]
[Site "?"]
[Date "2022.05.15"]
[Round "5.3"]
[White "Stock, Joerg"]
[Black "Hedke, Fred"]
[Result "1-0"]
[WhiteElo "2187"]
[BlackElo "2238"]
[PlyCount "79"]
[EventDate "2022.??.??"]

1. e4 c5 2. Nf3 d6 3. d4 cxd4 4. Nxd4 Nf6 5. Nc3 g6 6. Be3 Bg7 7. Be2 O-O 8.
Qd2 Nc6 9. O-O-O Bd7 10. Kb1 Rc8 11. f3 Ne5 12. g4 Nc4 13. Bxc4 Rxc4 14. h4 h5
15. gxh5 Nxh5 16. Rhg1 Kh7 17. Nce2 e5 18. Nb3 Be6 19. Bg5 Qc8 20. Ng3 Nxg3 21.
Rxg3 f6 22. Be3 b6 23. Qg2 Bf7 24. Rxd6 Rd8 25. Rxd8 Qxd8 26. Qd2 Qc8 27. Rg1
Rc7 28. Rd1 Qh3 29. Qf2 Rd7 30. Rxd7 Qxd7 31. Nc1 Qh3 32. b3 Be6 33. Nd3 Bh6
34. Bxh6 Kxh6 35. f4 Qh1+ 36. Kb2 Qxe4 37. fxe5 fxe5 38. Qf8+ Kh5 39. Qh8+ Kg4
40. Nf2+ 1-0

[Event "OLNW 2122 Delmenhorster SK - SV Hellern"]
[Site "?"]
[Date "2022.05.15"]
[Round "5.4"]
[White "Pahl, Erik"]
[Black "Lewin, Tammo"]
[Result "1-0"]
[WhiteElo "2222"]
[BlackElo "2065"]
[PlyCount "71"]
[EventDate "2022.??.??"]

1. e4 Nc6 2. Nf3 Nf6 3. e5 Nd5 4. d4 d6 5. c4 Nb6 6. exd6 exd6 7. h3 Bf5 8. Be2
Be7 9. O-O O-O 10. Nc3 Bf6 11. a3 Re8 12. d5 Ne5 13. Nd4 Qc8 14. b3 Bxh3 15.
gxh3 Qxh3 16. Ne4 Ng6 17. Nxf6+ gxf6 18. Qd3 Qc8 19. Bb2 Nd7 20. Rae1 Kh8 21.
Kh1 Re5 22. f4 Nc5 23. Qg3 Ne4 24. Qh2 Re8 25. Bd3 Nf2+ 26. Qxf2 Qh3+ 27. Qh2
Qxd3 28. Qh6 Rxe1 29. Rxe1 Qd2 30. Re2 Qd1+ 31. Kh2 Rg8 32. Rg2 Qb1 33. Nc6 Qf5
34. Ne7 Qxf4+ 35. Qxf4 Nxf4 36. Rxg8# 1-0

[Event "OLNW 2122 Delmenhorster SK - SV Hellern"]
[Site "?"]
[Date "2022.05.15"]
[Round "5.5"]
[White "Hart, Martin"]
[Black "Margraf, Daniel"]
[Result "0-1"]
[WhiteElo "2021"]
[BlackElo "2241"]
[PlyCount "80"]
[EventDate "2022.??.??"]

1. e4 e5 2. f4 exf4 3. Nf3 d5 4. exd5 Nf6 5. Bc4 Nxd5 6. Bb3 Nc6 7. c4 Nde7 8.
d4 Ng6 9. h4 Bg4 10. d5 Bb4+ 11. Bd2 Qe7+ 12. Kf1 Bxd2 13. Qxd2 Bxf3 14. gxf3
Nce5 15. Nc3 O-O-O 16. h5 Nh4 17. Qxf4 Nhxf3 18. Rh3 Ng5 19. Re3 f6 20. Nb5 a6
21. Nd4 g6 22. c5 Qxc5 23. Rc3 Qd6 24. Rac1 Rd7 25. Ne6 Kb8 26. Nxc7 gxh5 27.
Ne6 Rg8 28. Nc5 Rdg7 29. Qb4 Ngf3 30. Bd1 Nh2+ 31. Ke2 Rg2+ 32. Ke1 Rg1+ 33.
Kd2 Qxd5+ 34. Kc2 Ka7 35. Be2 Rxc1+ 36. Kxc1 Rg1+ 37. Kc2 Rg2 38. Re3 Nhg4 39.
Re4 f5 40. Rxe5 Nxe5 0-1

[Event "OLNW 2122 Delmenhorster SK - SV Hellern"]
[Site "?"]
[Date "2022.05.15"]
[Round "5.6"]
[White "Grebener, Soeren"]
[Black "Bade, Hans-Juergen"]
[Result "1-0"]
[WhiteElo "2002"]
[BlackElo "1980"]
[PlyCount "83"]
[EventDate "2022.??.??"]

1. e4 e6 2. d4 d5 3. Nd2 dxe4 4. Nxe4 Bd7 5. Nf3 Bc6 6. Ng3 Nd7 7. Bd3 Ngf6 8.
O-O Be7 9. b3 O-O 10. c4 Bxf3 11. Qxf3 c6 12. Bb2 Re8 13. Rad1 Qa5 14. Bb1 Ba3
15. Ba1 Bb4 16. Ne4 Nxe4 17. Qxe4 Nf6 18. Qc2 Qh5 19. Rd3 Qg6 20. Qe2 h5 21.
Rg3 Qh6 22. Bb2 Qd2 23. Qxd2 Bxd2 24. Rd1 h4 25. Rh3 Bg5 26. Rf1 Nh5 27. g3 Bf6
28. Bc1 Bxd4 29. Rxh4 Nxg3 30. hxg3 Bf6 31. Re4 Red8 32. Ree1 Rd7 33. Rd1 Bd4
34. Kg2 Rad8 35. Bc2 c5 36. f4 g6 37. Kf3 Kg7 38. Rh1 Rd6 39. g4 Ra6 40. a4 f6
41. Rh3 e5 42. Rdh1 1-0

[Event "OLNW 2122 Delmenhorster SK - SV Hellern"]
[Site "?"]
[Date "2022.05.15"]
[Round "5.7"]
[White "Suendorf, Dominik"]
[Black "Meyer, Thorsten"]
[Result "0-1"]
[WhiteElo "1796"]
[BlackElo "1967"]
[PlyCount "96"]
[EventDate "2022.??.??"]

1. e4 d6 2. d4 Nf6 3. Nc3 g6 4. Bg5 Bg7 5. Qd2 c6 6. f3 Qc7 7. a4 Nbd7 8. Bc4
O-O 9. Nge2 e5 10. f4 exd4 11. Nxd4 Nxe4 12. Nxe4 d5 13. Bxd5 cxd5 14. Ng3 Re8+
15. Nge2 Bxd4 16. Qxd4 Qxc2 17. O-O Rxe2 18. Rfe1 Nf8 19. Rxe2 Qxe2 20. Bh6 Ne6
21. Qxd5 Qe3+ 22. Kh1 Qd4 23. Qf3 Qf6 24. Re1 Rb8 25. Qd1 b5 26. a5 Bb7 27. f5
gxf5 28. Qd6 Re8 29. Qd7 Qe7 30. Qxb5 Bxg2+ 31. Kxg2 Nf4+ 32. Bxf4 Qxe1 33.
Qxf5 Qe4+ 34. Qxe4 Rxe4 35. Kf3 Rb4 36. Be5 Rb5 37. Bc3 h6 38. Ke4 a6 39. b4
Kh7 40. Kd4 Kg6 41. Kc4 Kf5 42. Bd4 Ke4 43. Bc5 f5 44. Bf2 f4 45. Bc5 Kf3 46.
Kd5 Kg2 47. Kc6 f3 48. Bb6 f2 0-1

[Event "OLNW 2122 SF Hannover - SV Hellern"]
[Site "?"]
[Date "2022.05.29"]
[Round "6.1"]
[White "Gronde, Ingo"]
[Black "Pubantz, Jan"]
[Result "1-0"]
[WhiteElo "2256"]
[BlackElo "2265"]
[PlyCount "121"]
[EventDate "2022.??.??"]

1. e4 c6 2. d4 d5 3. exd5 cxd5 4. Nf3 Nc6 5. Bb5 Bg4 6. h3 Bxf3 7. Qxf3 e6 8.
c3 Nf6 9. O-O Bd6 10. Re1 Qc7 11. Bh6 Ne4 12. Bxg7 Rg8 13. Bf6 Rg6 14. Bh4 Be7
15. Bxe7 Kxe7 16. Bf1 Rag8 17. Rxe4 dxe4 18. Qxe4 Qb6 19. b4 Nxb4 20. cxb4 Qxb4
21. Qe3 Rd8 22. Nc3 Qxd4 23. Rb1 b6 24. Nb5 Qxe3 25. fxe3 Rd7 26. Nd4 Rc7 27.
a4 Rg5 28. Bd3 Rgc5 29. Kf2 f5 30. g4 Kf6 31. gxf5 exf5 32. Kf3 Re7 33. Kf4 Rc3
34. Rb3 Rc1 35. Nxf5 Re5 36. Ng3 Ra5 37. Rb4 Ra1 38. Bb5 Ke6 39. Ne2 Kd6 40.
Nd4 Rh1 41. Nb3 Rxh3 42. Rd4+ Ke6 43. Nxa5 Rh4+ 44. Kf3 Rxd4 45. exd4 bxa5 46.
Ke4 Kd6 47. d5 h6 48. Kd4 h5 49. Be2 h4 50. Bg4 a6 51. Ke4 Kc5 52. Ke5 Kb4 53.
d6 Kxa4 54. d7 h3 55. Bxh3 Kb3 56. d8=Q a4 57. Qd1+ Ka3 58. Kd4 Kb2 59. Qxa4
Kb1 60. Kc3 Kc1 61. Qc2# 1-0

[Event "OLNW 2122 SF Hannover - SV Hellern"]
[Site "?"]
[Date "2022.05.29"]
[Round "6.3"]
[White "Stock, Joerg"]
[Black "Ackermann, Dennie"]
[Result "1-0"]
[WhiteElo "2187"]
[BlackElo "2120"]
[PlyCount "111"]
[EventDate "2022.??.??"]

1. e4 c5 2. Nf3 e6 3. d4 cxd4 4. Nxd4 Nf6 5. Nc3 Nc6 6. g3 Bb4 7. Bg2 O-O 8.
O-O Be7 9. Re1 d6 10. Nxc6 bxc6 11. e5 Nd5 12. exd6 Qxd6 13. Ne4 Qc7 14. c4 Nb4
15. Qe2 Rd8 16. Be3 Rb8 17. Red1 Ba6 18. Nc5 Bxc5 19. Bxc5 Nd5 20. Qc2 Nb6 21.
b3 Bb7 22. h4 h6 23. Qe2 Ba8 24. Qe3 Rd7 25. Rxd7 Qxd7 26. Bf3 Qc7 27. Bd4 Re8
28. Be5 Qe7 29. Rd1 Nd7 30. Bd6 Qf6 31. Bg2 Nb6 32. Bc7 Nc8 33. Be5 Qe7 34. Kh2
Rd8 35. Rxd8+ Qxd8 36. Bd4 Qd7 37. Qe5 f6 38. Qb8 Bb7 39. Bxa7 Kf7 40. Bc5 g5
41. hxg5 hxg5 42. a4 Kg6 43. b4 Kf5 44. b5 Qh7+ 45. Kg1 Kg4 46. bxc6 Ba6 47.
Qb3 Kh5 48. Qf3+ Kg6 49. Qd3+ f5 50. Qd7 Qf7 51. Bf1 g4 52. a5 e5 53. Qd5 e4
54. Be2 Qf6 55. Bd4 Qd6 56. Qg8+ 1-0

[Event "OLNW 2122 SF Hannover - SV Hellern"]
[Site "?"]
[Date "2022.05.29"]
[Round "6.4"]
[White "Herrmann, Andreas"]
[Black "Hart, Martin"]
[Result "1/2-1/2"]
[WhiteElo "2057"]
[BlackElo "2021"]
[PlyCount "92"]
[EventDate "2022.??.??"]

1. d4 b5 2. Bf4 Bb7 3. Nd2 e6 4. e3 b4 5. Ngf3 c5 6. dxc5 Bxc5 7. Nb3 Be7 8.
Bd6 Qb6 9. Bxe7 Nxe7 10. Qd4 Qxd4 11. Nbxd4 O-O 12. Bd3 Nbc6 13. O-O d5 14. a3
a5 15. Nb5 e5 16. Be2 Rfd8 17. Rfd1 Rd7 18. axb4 axb4 19. Rxa8+ Bxa8 20. c4
bxc3 21. Nxc3 Rd8 22. h3 h6 23. Bb5 e4 24. Bxc6 Nxc6 25. Nd4 Rb8 26. Nxc6 Bxc6
27. Nxd5 Bxd5 28. Rxd5 Rxb2 29. Rd4 f5 30. g4 g6 31. Rd5 fxg4 32. hxg4 Rb4 33.
Kg2 Kf7 34. Kg3 Ke6 35. Ra5 Rb2 36. Ra4 Ke5 37. Ra6 h5 38. Ra5+ Ke6 39. gxh5
gxh5 40. Rxh5 Ra2 41. Rh2 Kf5 42. f4 Ra3 43. Re2 Rb3 44. Kf2 Kg4 45. Rd2 Ra3
46. Ke2 Rb3 1/2-1/2

[Event "OLNW 2122 SF Hannover - SV Hellern"]
[Site "?"]
[Date "2022.05.29"]
[Round "6.6"]
[White "Koelle, Arthur"]
[Black "Rein, Joachim"]
[Result "1-0"]
[WhiteElo "2165"]
[BlackElo "1929"]
[PlyCount "69"]
[EventDate "2022.??.??"]

1. e4 e6 2. d4 d5 3. exd5 exd5 4. Nf3 Nf6 5. Bd3 Be7 6. O-O Bg4 7. Re1 O-O 8.
Bg5 Nbd7 9. Nbd2 c6 10. c3 Bd6 11. Qc2 Qc7 12. Bxf6 Nxf6 13. Ne5 Bh5 14. f4 Bg6
15. Bxg6 hxg6 16. Re2 Bxe5 17. fxe5 Nh7 18. Nf3 Rae8 19. Rae1 Re6 20. Qd2 Qe7
21. b3 g5 22. h3 Rg6 23. Nh2 Qe6 24. Ng4 Re8 25. Nf6+ gxf6 26. exf6 Qxf6 27.
Rxe8+ Kg7 28. R8e7 g4 29. hxg4 Rxg4 30. Qe2 Qh4 31. Rf1 Nf6 32. Qe6 Rxg2+ 33.
Kxg2 Qg5+ 34. Kh2 Ng4+ 35. Qxg4 1-0

[Event "OLNW 2122 SF Hannover - SV Hellern"]
[Site "?"]
[Date "2022.05.29"]
[Round "6.7"]
[White "Grosser, Juergen"]
[Black "Spiess, Thomas"]
[Result "1/2-1/2"]
[WhiteElo "1910"]
[BlackElo "1992"]
[PlyCount "82"]
[EventDate "2022.??.??"]

1. d4 d5 2. Nf3 Nf6 3. g3 c6 4. Bg2 Bf5 5. O-O h6 6. c4 e6 7. Nc3 Nbd7 8. cxd5
exd5 9. Nd2 Be7 10. e4 dxe4 11. Ndxe4 Nxe4 12. Nxe4 Be6 13. Be3 O-O 14. Nc5
Nxc5 15. dxc5 Qxd1 16. Rfxd1 Rfd8 17. Be4 f5 18. Bf3 Kf7 19. b3 Bf6 20. Rxd8
Rxd8 21. Rd1 Rxd1+ 22. Bxd1 Bd5 23. f3 g5 24. Kf2 Ke6 25. Ke2 h5 26. h3 h4 27.
gxh4 gxh4 28. Kd3 Be5 29. Bg5 Bg3 30. Ke2 Ke5 31. Bc2 Be6 32. f4+ Bxf4 33. Bxh4
Bh6 34. Bf2 f4 35. h4 Bg4+ 36. Kd3 Bf5+ 37. Kd2 f3+ 38. Kc3 Bxc2 39. Kxc2 Kf4
40. Kd3 Bf8 41. h5 Kg4 1/2-1/2

[Event "OLNW 2122 SF Hannover - SV Hellern"]
[Site "?"]
[Date "2022.05.29"]
[Round "6.8"]
[White "Schmidt, Benjamin"]
[Black "Suendorf, Dominik"]
[Result "1/2-1/2"]
[WhiteElo "1896"]
[BlackElo "1796"]
[PlyCount "80"]
[EventDate "2022.??.??"]

1. d4 Nf6 2. c4 c5 3. d5 b5 4. cxb5 a6 5. bxa6 Bxa6 6. Nc3 g6 7. e4 Bxf1 8.
Kxf1 d6 9. Nf3 Bg7 10. g3 O-O 11. Kg2 Nbd7 12. a4 Qb6 13. Qe2 Rfb8 14. Nb5 Ne8
15. Ra3 Nc7 16. Nxc7 Qxc7 17. b3 Bc3 18. Bb2 Qa5 19. Rc1 Bxb2 20. Qxb2 Qb4 21.
Nd2 Rxa4 22. Rxa4 Qxa4 23. bxa4 Rxb2 24. Nc4 Rb4 25. a5 Ra4 26. f4 f6 27. h4
Kf7 28. g4 Ke8 29. g5 Kd8 30. Kg3 Kc7 31. h5 gxh5 32. Kh4 Ra2 33. Kxh5 Rh2+ 34.
Kg4 fxg5 35. fxg5 Rf2 36. Kg3 Ra2 37. Kf4 Rf2+ 38. Kg3 Re2 39. Kf3 Ra2 40. Kf4
Rf2+ 1/2-1/2

[Event "OLNW 2122 HSK Lister Turm - SVG Salzgit"]
[Site "?"]
[Date "2022.05.29"]
[Round "6.4"]
[White "Hampel, Felix"]
[Black "Lau, Siegfried"]
[Result "1-0"]
[WhiteElo "2306"]
[BlackElo "1986"]
[PlyCount "107"]
[EventDate "2022.??.??"]

1. c4 e6 2. Nf3 d5 3. d4 Nf6 4. g3 c6 5. Bg2 Nbd7 6. O-O Be7 7. Qc2 O-O 8. b3
Re8 9. Bb2 Nf8 10. Nbd2 N6d7 11. e4 dxe4 12. Nxe4 f5 13. Ned2 Qc7 14. Rfe1 Bf6
15. Rad1 b6 16. b4 a5 17. a3 axb4 18. axb4 g6 19. Ne5 Nxe5 20. dxe5 Be7 21. c5
bxc5 22. bxc5 Ba6 23. Nb3 Bb5 24. Rd6 Ba4 25. Qc3 Bxb3 26. Qxb3 Reb8 27. Qc3
Qa5 28. Rd2 Bxc5 29. Qxa5 Rxa5 30. Bc3 Ra3 31. Rc2 Be7 32. Bxc6 Rc8 33. Bd4 Rd3
34. Ba1 Rcd8 35. Kg2 g5 36. Bb5 Rd1 37. Rxd1 Rxd1 38. Bb2 Kf7 39. Rc7 Ng6 40.
Bc4 Rd8 41. Ba3 Re8 42. Bd6 h5 43. h3 h4 44. Kh2 hxg3+ 45. fxg3 Rh8 46. Kg2 Rh7
47. Bb3 Rh6 48. g4 fxg4 49. hxg4 Kf8 50. Kg3 Rh1 51. Bxe6 Bxd6 52. exd6 Nf4 53.
Rf7+ Ke8 54. d7+ 1-0

[Event "OLNW 2122 HSK Lister Turm - SVG Salzgit"]
[Site "?"]
[Date "2022.05.29"]
[Round "6.5"]
[White "Koenig, Sebastian"]
[Black "Voege, Tobias"]
[Result "0-1"]
[WhiteElo "2079"]
[BlackElo "2286"]
[PlyCount "54"]
[EventDate "2022.??.??"]

1. e4 e6 2. d3 c5 3. Nf3 Nc6 4. g3 g6 5. Bg2 Bg7 6. O-O Nge7 7. Re1 d6 8. Nbd2
e5 9. c3 O-O 10. Rb1 h6 11. b4 cxb4 12. cxb4 b5 13. d4 exd4 14. Nb3 Bg4 15. Bb2
Qb6 16. Qd2 Bxf3 17. Bxf3 Rad8 18. Red1 d5 19. exd5 Nxd5 20. Nxd4 Ndxb4 21.
Nxc6 Rxd2 22. Ne7+ Kh8 23. Rxd2 Bxb2 24. Rbxb2 Qc5 25. Re2 Nd3 26. Rbc2 Qb4 27.
Kg2 Ne1+ 0-1

[Event "OLNW 2122 HSK Lister Turm - SVG Salzgit"]
[Site "?"]
[Date "2022.05.29"]
[Round "6.6"]
[White "Buchenau, Frank"]
[Black "Othmer, Michael"]
[Result "1-0"]
[WhiteElo "2263"]
[BlackElo "1972"]
[PlyCount "51"]
[EventDate "2022.??.??"]

1. e4 d5 2. exd5 Qxd5 3. Nc3 Qd6 4. d4 Nf6 5. Nf3 a6 6. Bd3 Nc6 7. O-O Bg4 8.
Ne4 Nxe4 9. Bxe4 O-O-O 10. c3 Be6 11. Ng5 Bd5 12. Bxd5 Qxd5 13. Qb3 Qxb3 14.
axb3 Rd5 15. Nxf7 Rg8 16. Re1 Rf5 17. Ng5 Na5 18. Ra3 e6 19. b4 Nc4 20. Ra2 Bd6
21. Rxe6 Kd7 22. Re1 Re8 23. Rxe8 Kxe8 24. b3 Nb6 25. Ra5 Rd5 26. Nxh7 1-0

[Event "OLNW 2122 HSK Lister Turm - SVG Salzgit"]
[Site "?"]
[Date "2022.05.29"]
[Round "6.7"]
[White "Hesse, Juergen"]
[Black "Gentemann, Moritz"]
[Result "0-1"]
[WhiteElo "1864"]
[BlackElo "2179"]
[PlyCount "46"]
[EventDate "2022.??.??"]

1. e4 c5 2. Nc3 Nc6 3. f4 g6 4. Nf3 Bg7 5. Bb5 Nd4 6. Bd3 Nf6 7. Nxd4 cxd4 8.
Ne2 O-O 9. O-O e5 10. c3 exf4 11. Nxf4 d5 12. Nxd5 Nxd5 13. exd5 Qxd5 14. Qc2
Be6 15. c4 Qc5 16. a4 Rfe8 17. b3 Rad8 18. Ba3 Qh5 19. Rab1 Be5 20. g3 Bh3 21.
Rf2 Qg5 22. Kh1 Bxg3 23. Rg1 Re1 0-1

[Event "OLNW 2122 HSK Lister Turm - SVG Salzgit"]
[Site "?"]
[Date "2022.05.29"]
[Round "6.8"]
[White "Gabriel, Uwe"]
[Black "Koschetzki, Christian"]
[Result "1/2-1/2"]
[WhiteElo "1963"]
[BlackElo "1962"]
[PlyCount "34"]
[EventDate "2022.??.??"]

1. c4 Nf6 2. d4 e6 3. Nf3 b6 4. Bg5 Bb7 5. e3 Bb4+ 6. Nfd2 h6 7. Bh4 Be7 8. Nc3
d5 9. Qc2 Nbd7 10. Be2 c5 11. dxc5 bxc5 12. O-O O-O 13. Rfd1 d4 14. exd4 cxd4
15. Nce4 Nxe4 16. Bxe7 Qxe7 17. Nxe4 e5 {(=)} 1/2-1/2

[Event "OLNW 2122 SV Werder Bremen III - SK Uni"]
[Site "?"]
[Date "2022.05.29"]
[Round "6.4"]
[White "Buchal, Stephan"]
[Black "Meessen, Max"]
[Result "1/2-1/2"]
[WhiteElo "2232"]
[BlackElo "2184"]
[PlyCount "47"]
[EventDate "2022.??.??"]

1. c4 e6 2. g3 d5 3. Nf3 Nf6 4. Bg2 Be7 5. O-O O-O 6. b3 b6 7. Bb2 c5 8. Nc3
Bb7 9. e3 Qc8 10. Qe2 Rd8 11. d3 Nc6 12. Rfd1 Qc7 13. Rac1 Rac8 14. cxd5 Nxd5
15. Nxd5 Rxd5 16. d4 Rd7 17. dxc5 Bxc5 18. Rxd7 Qxd7 19. Rd1 Qe7 20. Ne5 Nxe5
21. Bxe5 Bxg2 22. Kxg2 Rd8 23. Qg4 g6 24. Rxd8+ 1/2-1/2

[Event "OLNW 2122 SV Werder Bremen III - SK Uni"]
[Site "?"]
[Date "2022.05.29"]
[Round "6.1"]
[White "Mueer, Sebastian"]
[Black "Kardoeus, David"]
[Result "0-1"]
[WhiteElo "2202"]
[BlackElo "2144"]
[PlyCount "70"]
[EventDate "2022.??.??"]

1. d4 Nf6 2. Bg5 d5 3. Nd2 c5 4. Bxf6 gxf6 5. dxc5 Na6 6. e3 Nxc5 7. Qh5 e5 8.
Ngf3 Be6 9. Bb5+ Nd7 10. O-O a6 11. Bd3 Qb6 12. c4 Nc5 13. cxd5 Nxd3 14. Nc4
Qc7 15. dxe6 O-O-O 16. Qf5 fxe6 17. Qxe6+ Kb8 18. b3 Qg7 19. Rfd1 Rg8 20. g3
Bb4 21. Qf5 Qg6 22. Qh3 e4 23. Nh4 Qh5 24. Kf1 Rd5 25. Qe6 Re8 26. Qb6 Rb5 27.
Qxf6 Rf8 28. Qg7 Rg5 29. Qd7 Qxh4 30. Rxd3 Qxh2 31. Qd8+ Rxd8 32. Rxd8+ Ka7 33.
Rad1 Qh1+ 34. Ke2 Qf3+ 35. Kf1 Rh5 0-1

[Event "OLNW 2122 SV Werder Bremen III - SK Uni"]
[Site "?"]
[Date "2022.05.29"]
[Round "6.3"]
[White "Bredemeier, Dirk"]
[Black "Bach, Matthias"]
[Result "1-0"]
[WhiteElo "2238"]
[BlackElo "2226"]
[PlyCount "71"]
[EventDate "2022.??.??"]

1. c4 Nf6 2. g3 g6 3. Bg2 Bg7 4. Nc3 O-O 5. d3 c6 6. e4 e5 7. Nge2 Na6 8. O-O
Nc7 9. f4 exf4 10. Bxf4 d5 11. cxd5 cxd5 12. e5 Nd7 13. d4 Nb6 14. b3 Be6 15.
Qd2 Qe7 16. Bh6 Rac8 17. Bxg7 Kxg7 18. Rf4 f6 19. exf6+ Rxf6 20. Rxf6 Qxf6 21.
Rf1 Qe7 22. Qe3 Qd6 23. Qg5 Nd7 24. Nf4 Re8 25. Nh5+ Kh8 26. Nf4 Qb4 27. Nxg6+
hxg6 28. Qh6+ Kg8 29. Qxg6+ Kh8 30. Rf4 Qe7 31. Rh4+ Qxh4 32. gxh4 Re7 33. Qg5
Rg7 34. Qd8+ Kh7 35. Qxc7 Bh3 36. Qg3 1-0

[Event "OLNW 2122 SV Werder Bremen III - SK Uni"]
[Site "?"]
[Date "2022.05.29"]
[Round "6.5"]
[White "Schuette, Marc"]
[Black "Franke, Reiner"]
[Result "1-0"]
[WhiteElo "2101"]
[BlackElo "2228"]
[PlyCount "67"]
[EventDate "2022.??.??"]

1. e4 d5 2. exd5 Qxd5 3. Nc3 Qa5 4. d4 Nf6 5. Bc4 Bg4 6. f3 Bf5 7. Nge2 e6 8.
O-O Nbd7 9. Bd2 c6 10. Kh1 Qc7 11. Bf4 Bd6 12. Bxd6 Qxd6 13. Ng3 Bg6 14. Nge4
Qc7 15. Qe2 O-O 16. Rad1 Rad8 17. Bd3 Nd5 18. Qf2 Nxc3 19. Nxc3 Qb6 20. Bxg6
hxg6 21. Rd3 Nf6 22. b3 Rd7 23. Na4 Qc7 24. Nc5 Re7 25. Ne4 Rd8 26. Qh4 Nh5 27.
f4 Red7 28. g4 Nxf4 29. Ng5 Rxd4 30. Qh7+ Kf8 31. Qh8+ Ke7 32. Qxg7 c5 33.
Qxf7+ Kd6 34. Qxf4+ 1-0

[Event "OLNW 2122 SV Werder Bremen III - SK Uni"]
[Site "?"]
[Date "2022.05.29"]
[Round "6.8"]
[White "Hohlbein, Michael"]
[Black "Warns, Heiko"]
[Result "1-0"]
[WhiteElo "2040"]
[BlackElo "2068"]
[PlyCount "79"]
[EventDate "2022.??.??"]

1. e4 c5 2. Nc3 e6 3. g3 a6 4. Bg2 b5 5. d3 Bb7 6. f4 d5 7. f5 b4 8. fxe6 bxc3
9. exf7+ Kxf7 10. Nf3 Ne7 11. Ng5+ Kg8 12. Bh3 Bc8 13. Qf3 Qe8 14. Bxc8 Nxc8
15. O-O Ra7 16. e5 Nb6 17. e6 Bd6 18. Qf7+ Qxf7 19. exf7+ Kf8 20. Ne6+ Ke7 21.
f8=Q+ Rxf8 22. Nxf8 h6 23. bxc3 Nc6 24. Ba3 Na4 25. Rae1+ Kd8 26. d4 Nxc3 27.
Ne6+ Kc8 28. Bxc5 Bxc5 29. Nxc5 Nxd4 30. Rf8+ Kc7 31. Ne6+ Nxe6 32. Rxe6 Rb7
33. Rf7+ Kb8 34. Rf3 Nxa2 35. Rxa6 Nb4 36. Rd6 Nxc2 37. Rxd5 Rb1+ 38. Kf2 Nb4
39. Rd7 Rb2+ 40. Kg1 1-0